Osobnostné a kvalifikačné predpoklady rozvoja kariéry

Podstata, význam a smerovanie kariéry jedinca. Faktory významné pre výkon pracovných činností na súčasnom trhu práce. Analýza skutočných potrieb a požiadaviek na zamestnancov na základe názorov zamestnávateľských subjektov. Výsledky prieskumu orientovaného na problémy: osobnostná pripravenosť, výkon...

Celý popis

Uložené v:
Podrobná bibliografia
Hlavný autor: Matulčíková, Marta, 1964-
Ďalší autori: Jankelová, Nadežda, 1966-
Médium: Kapitola
Jazyk:Slovak
Predmet:
Tagy: Pridať tag
Žiadne tagy, Buďte prvý, kto otaguje tento záznam!

MARC

LEADER 00000naa a2200000 4500
001 0152737
005 20240502072723.9
041 0 |a slo 
044 |a SK 
245 1 0 |a Osobnostné a kvalifikačné predpoklady rozvoja kariéry  |c Marta Matulčíková, Nadežda Jankelová 
520 |a Podstata, význam a smerovanie kariéry jedinca. Faktory významné pre výkon pracovných činností na súčasnom trhu práce. Analýza skutočných potrieb a požiadaviek na zamestnancov na základe názorov zamestnávateľských subjektov. Výsledky prieskumu orientovaného na problémy: osobnostná pripravenosť, výkonová pripravenosť, odborná pripravenosť, motivačná pripravenosť a spoločenská pripravenosť. Vzdelávanie - príprava a rozvoj kariéry. 
610 2 0 |a kariéra 
610 2 0 |a zamestnanci 
610 2 0 |a zamestnávatelia 
610 2 0 |a vzdelávanie 
610 2 0 |a vzdelanie 
610 2 0 |a sebarealizácia 
610 2 0 |a výkony pracovné 
610 2 0 |a absolventi 
100 1 |a Matulčíková, Marta, 1964- 
700 1 |a Jankelová, Nadežda, 1966-